[Event "International Championship of Central Serbia 2015 - OPEN Arbia 2015 - OPEN A"]
[Site "Paracin"]
[Date "2015.07.07"]
[Round "6.1"]
[White "Kosic, Dragan"]
[Black "Sedlak, Nikola"]
[Result "1/2-1/2"]
[WhiteElo "2487"]
[BlackElo "2537"]
[PlyCount "77"]
[EventDate "2015.07.03"]

1. d4 e6 2. Nf3 f5 3. Bf4 Nf6 4. e3 g6 5. Bd3 Bg7 6. O-O O-O 7. Nbd2 d6 8. h3
Nc6 9. Bh2 Qe7 10. c3 e5 11. dxe5 dxe5 12. Bb5 e4 13. Bxc6 bxc6 14. Nd4 Ba6 15.
Re1 c5 16. Qb3+ Qf7 17. Nc6 Rfe8 18. Qa3 Re6 19. Qxa6 Qe8 20. Qc4 Qxc6 21. Nb3
Bf8 22. Bxc7 Qa6 23. Na5 Kf7 24. Qxa6 Rxa6 25. Nc4 Nd5 26. Bg3 Nb6 27. Nxb6
axb6 28. a3 Rd8 29. f3 exf3 30. gxf3 Rd2 31. Rab1 Ra7 32. Kf1 c4 33. Re2 Rd3
34. Kg2 Bc5 35. Rbe1 Re7 36. e4 fxe4 37. fxe4 Ke6 38. Rf1 Rf7 39. Rxf7 1/2-1/2

[Event "International Championship of Central Serbia 2015 - OPEN Arbia 2015 - OPEN A"]
[Site "Paracin"]
[Date "2015.07.07"]
[Round "6.2"]
[White "Djukic, Nikola"]
[Black "Banusz, Tamas"]
[Result "1/2-1/2"]
[WhiteElo "2543"]
[BlackElo "2582"]
[PlyCount "73"]
[EventDate "2015.07.03"]

1. e4 e5 2. Nf3 Nc6 3. Bb5 a6 4. Ba4 Nf6 5. O-O Be7 6. Re1 b5 7. Bb3 d6 8. c3
O-O 9. h3 Na5 10. Bc2 c5 11. d4 Nd7 12. b3 exd4 13. cxd4 Nc6 14. Nc3 Bf6 15.
Be3 cxd4 16. Nxd4 Nxd4 17. Bxd4 Bb7 18. Rc1 Rc8 19. Bb1 g6 20. Bxf6 Qxf6 21.
Nd5 Bxd5 22. Qxd5 Ne5 23. Qd2 Rfd8 24. f4 Nc6 25. Red1 Ne7 26. Rxc8 Rxc8 27.
Kh2 Rc6 28. Bd3 Qd4 29. Be2 Qxd2 30. Rxd2 b4 31. Bc4 Kf8 32. e5 Nc8 33. Bd5 Rc7
34. Bc4 Rc6 35. Bd5 Rc7 36. Bc4 Rc6 37. Bd5 1/2-1/2

[Event "International Championship of Central Serbia 2015 - OPEN Arbia 2015 - OPEN A"]
[Site "Paracin"]
[Date "2015.07.07"]
[Round "6.3"]
[White "Damljanovic, Branko"]
[Black "Ratkovic, Milovan"]
[Result "1-0"]
[WhiteElo "2565"]
[BlackElo "2385"]
[PlyCount "161"]
[EventDate "2015.07.03"]

1. e4 c6 2. d3 d5 3. Nd2 e5 4. Ngf3 Bd6 5. d4 exd4 6. exd5 cxd5 7. Bb5+ Nc6 8.
O-O Nge7 9. Nb3 O-O 10. Nfxd4 Nxd4 11. Nxd4 Nf5 12. Nf3 Nh4 13. Nxh4 Qxh4 14.
g3 Qb4 15. a4 Bh3 16. Re1 Bg4 17. Qd2 a6 18. c3 Qc5 19. Bf1 Bf3 20. Qd3 Be4 21.
Qd1 Rfe8 22. Be3 Qc6 23. a5 Re6 24. Qa4 Qc7 25. Bd4 h5 26. Bb6 Qe7 27. Bh3 Rf6
28. Rad1 Qf8 29. Bd4 Rg6 30. Bg2 Bxg2 31. Kxg2 Qc8 32. Re3 h4 33. Rde1 Qf5 34.
Qd1 Re6 35. h3 hxg3 36. fxg3 Rae8 37. Qf3 Qg6 38. Rxe6 Rxe6 39. Rf1 Re4 40. Rf2
Qe6 41. Qf5 Re2 42. Qxe6 Rxf2+ 43. Bxf2 fxe6 44. h4 Kf7 45. g4 Bf4 46. Kf3 Bc1
47. b3 e5 48. Be3 Ba3 49. h5 Bd6 50. c4 e4+ 51. Ke2 dxc4 52. bxc4 Bc7 53. Bb6
Bf4 54. Be3 Bc7 55. Bd2 Bd8 56. Bc3 Bg5 57. Bd4 Bd8 58. Ke3 Bxa5 59. Kxe4 Bd2
60. Kf5 b5 61. c5 b4 62. Ke4 Bh6 63. Kd5 Ke7 64. c6 Kd8 65. Bb6+ Kc8 66. Kc4
Bd2 67. Bd4 Kc7 68. Bxg7 Kxc6 69. h6 Bxh6 70. Bxh6 a5 71. Bd2 Kd6 72. Kd4 Ke6
73. Ke4 Kf6 74. g5+ Kg6 75. Kf4 Kf7 76. Kf5 Kg7 77. g6 Kg8 78. Kf6 b3 79. Bc1
a4 80. Ba3 Kh8 81. Kf7 1-0

[Event "International Championship of Central Serbia 2015 - OPEN Arbia 2015 - OPEN A"]
[Site "Paracin"]
[Date "2015.07.07"]
[Round "6.4"]
[White "Abramovic, Bosko"]
[Black "Atalik, Suat"]
[Result "1/2-1/2"]
[WhiteElo "2431"]
[BlackElo "2564"]
[PlyCount "62"]
[EventDate "2015.07.03"]

1. c4 b6 2. Nf3 Bb7 3. g3 Nf6 4. Bg2 g6 5. b3 Bg7 6. Bb2 O-O 7. O-O c5 8. Nc3
Na6 9. d3 d5 10. cxd5 Nxd5 11. Qd2 Nxc3 12. Bxc3 Bxc3 13. Qxc3 Nc7 14. Qb2 Rc8
15. Rac1 Qd6 16. Rfd1 Rfd8 17. a3 Ne6 18. b4 c4 19. Qa1 cxd3 20. Rxd3 Qb8 21.
Rxd8+ Rxd8 22. Qe5 Rd6 23. Qe3 Qd8 24. h4 Rd1+ 25. Kh2 Rxc1 26. Qxc1 Bxf3 27.
Bxf3 Nd4 28. Kg2 h5 29. Qd1 Qd6 30. e3 Nxf3 31. Qxf3 Qd7 1/2-1/2

[Event "International Championship of Central Serbia 2015 - OPEN Arbia 2015 - OPEN A"]
[Site "Paracin"]
[Date "2015.07.07"]
[Round "6.5"]
[White "Narayanan, Srinath"]
[Black "Fernandez, Daniel Howard"]
[Result "0-1"]
[WhiteElo "2464"]
[BlackElo "2472"]
[PlyCount "100"]
[EventDate "2015.07.03"]

1. e4 c6 2. d4 d5 3. e5 Bf5 4. Nf3 e6 5. Be2 Nd7 6. Nbd2 Ne7 7. O-O a6 8. Nh4
c5 9. c3 Bg6 10. f4 Nc6 11. Nxg6 hxg6 12. Nf3 b5 13. Bd3 c4 14. Bc2 b4 15. g4
bxc3 16. bxc3 Qa5 17. Bd2 Be7 18. f5 gxf5 19. gxf5 O-O-O 20. Qe2 Kc7 21. Qg2
Rb8 22. a4 Rb2 23. Rac1 Ba3 24. Ng5 Ra2 25. Bb1 Bxc1 26. Bxa2 Bxd2 27. Qxd2 Rh4
28. fxe6 Rxd4 29. Qg2 Qxc3 30. exf7 Rd2 31. Ne6+ Kb6 32. Qxg7 Qe3+ 33. Kh1 Qxe5
34. Qxe5 Ncxe5 35. Bb1 d4 36. a5+ Kc6 37. h4 d3 38. f8=Q Nxf8 39. Nxf8 Rb2 40.
Bxd3 cxd3 41. h5 Ng4 42. Ne6 Rh2+ 43. Kg1 Rxh5 44. Rd1 Rh3 45. Rd2 Rg3+ 46. Kh1
Kd5 47. Nc7+ Ke4 48. Nxa6 Ke3 49. Nc5 Kxd2 50. Ne4+ Ke1 0-1

[Event "International Championship of Central Serbia 2015 - OPEN Arbia 2015 - OPEN A"]
[Site "Paracin"]
[Date "2015.07.07"]
[Round "6.6"]
[White "Kadric, Denis"]
[Black "Marholev, Dimitar"]
[Result "1-0"]
[WhiteElo "2511"]
[BlackElo "2317"]
[PlyCount "65"]
[EventDate "2015.07.03"]

1. e4 e5 2. Nf3 Nc6 3. Nc3 Nf6 4. Bb5 Bd6 5. d3 h6 6. a3 O-O 7. g4 Nh7 8. Be3
a6 9. Ba4 b5 10. Bb3 Be7 11. h4 Na5 12. g5 Nxb3 13. cxb3 d6 14. gxh6 g6 15. Qd2
Bg4 16. Ng5 c6 17. Rg1 Qd7 18. d4 f6 19. dxe5 fxg5 20. exd6 Bxd6 21. Rxg4 Qxg4
22. Qxd6 gxh4 23. Qxc6 Rad8 24. e5 Qg1+ 25. Ke2 Qg4+ 26. Ke1 Rfe8 27. Ne4 h3
28. Bg5 Re6 29. Qb7 Rd7 30. Qxd7 Qxe4+ 31. Be3 Qxe5 32. Rc1 h2 33. Rc8+ 1-0

[Event "International Championship of Central Serbia 2015 - OPEN Arbia 2015 - OPEN A"]
[Site "Paracin"]
[Date "2015.07.07"]
[Round "6.7"]
[White "Brankovic, Dejan"]
[Black "Savic, Miodrag R"]
[Result "0-1"]
[WhiteElo "2322"]
[BlackElo "2505"]
[PlyCount "103"]
[EventDate "2015.07.03"]

1. e4 e5 2. Nf3 Nc6 3. Bb5 a6 4. Ba4 Nge7 5. O-O g6 6. c3 Bg7 7. d4 exd4 8.
cxd4 b5 9. Bb3 O-O 10. Bg5 h6 11. Bh4 d6 12. Bxe7 Nxe7 13. h3 Bb7 14. Nc3 c5
15. Qd2 Rc8 16. Rfe1 c4 17. Bc2 b4 18. Ne2 a5 19. Rac1 Qb6 20. Ng3 b3 21. Bb1
a4 22. a3 c3 23. Rxc3 Rxc3 24. Qxc3 Rc8 25. Qd2 Nc6 26. e5 dxe5 27. dxe5 Rd8
28. Qe2 Re8 29. Qc4 Nxe5 30. Nxe5 Rxe5 31. Be4 Qe6 32. Qxa4 f5 33. f4 Rxe4 34.
Nxe4 fxe4 35. Re2 Kh7 36. Kh1 Qd5 37. Re3 Qd1+ 38. Kh2 Bd5 39. Qd7 Qd4 40. Rg3
Bg8 41. Qc6 Bf7 42. Qc7 Qc4 43. Qd7 Qd5 44. Qe7 Bxb2 45. Re3 Bg7 46. Rxe4 b2
47. Rb4 Qf5 48. a4 Bc3 49. Rb7 Qxf4+ 50. Kh1 Kg7 51. Qc5 Bd4 52. Qc4 0-1

[Event "International Championship of Central Serbia 2015 - OPEN Arbia 2015 - OPEN A"]
[Site "Paracin"]
[Date "2015.07.07"]
[Round "6.8"]
[White "Smith, Bryan G"]
[Black "Petrov, Vladimir Sergeev"]
[Result "0-1"]
[WhiteElo "2479"]
[BlackElo "2307"]
[PlyCount "78"]
[EventDate "2015.07.03"]

1. e4 c5 2. Nf3 d6 3. d4 cxd4 4. Nxd4 Nf6 5. Nc3 a6 6. h3 g6 7. g4 Bg7 8. Bg2
O-O 9. O-O Nc6 10. Be3 Nd7 11. Nde2 b5 12. e5 Ndxe5 13. f4 Nc4 14. Bxc6 Nxe3
15. Qc1 Nxf1 16. Bxa8 b4 17. Nd1 Bxg4 18. hxg4 Qxa8 19. Kxf1 Qh1+ 20. Kf2 Qh4+
21. Kf3 h5 22. Nf2 hxg4+ 23. Kg2 Rc8 24. a3 e5 25. axb4 exf4 26. Qxf4 Rxc2 27.
Qe4 Rxb2 28. Qe8+ Bf8 29. Rxa6 Qf6 30. Qe4 d5 31. Qd3 Qe5 32. Ng3 Bxb4 33. Ra8+
Kg7 34. Re8 Rxf2+ 35. Kxf2 Be1+ 36. Kf1 Qxe8 37. Qd4+ Kg8 38. Ne2 Bh4 39. Qxd5
Qe3 0-1

[Event "International Championship of Central Serbia 2015 - OPEN Arbia 2015 - OPEN A"]
[Site "Paracin"]
[Date "2015.07.07"]
[Round "6.9"]
[White "Budimir, Boris"]
[Black "Kozhuharov, Spas"]
[Result "0-1"]
[WhiteElo "2236"]
[BlackElo "2460"]
[PlyCount "82"]
[EventDate "2015.07.03"]

1. e4 c5 2. Nf3 d6 3. d4 Nf6 4. Nc3 cxd4 5. Nxd4 Nc6 6. Be2 g6 7. Be3 Bg7 8.
Nb3 O-O 9. O-O Be6 10. f4 Qc8 11. Kh1 Rb8 12. Nd4 Bg4 13. Bxg4 Qxg4 14. Nd5
Qxd1 15. Nxf6+ Bxf6 16. Raxd1 Rfc8 17. c3 Na5 18. Bc1 b5 19. Nf3 Nc4 20. b3 Nb6
21. e5 dxe5 22. fxe5 Bg7 23. Ba3 Rb7 24. Rd3 h6 25. Rfd1 Kh7 26. h3 Rbc7 27.
Bb4 e6 28. Ba5 Rb7 29. Rd8 Rxd8 30. Rxd8 Nd7 31. Rc8 Nxe5 32. Nxe5 Bxe5 33. c4
Rd7 34. Kg1 Rd1+ 35. Kf2 Ra1 36. Bd8 Rxa2+ 37. Kf1 bxc4 38. bxc4 a5 39. c5 a4
40. c6 Rc2 41. c7 Kg7 0-1

[Event "International Championship of Central Serbia 2015 - OPEN Arbia 2015 - OPEN A"]
[Site "Paracin"]
[Date "2015.07.07"]
[Round "6.10"]
[White "Nestorovic, Nikola"]
[Black "Carnic, Srdjan"]
[Result "1/2-1/2"]
[WhiteElo "2452"]
[BlackElo "2317"]
[PlyCount "54"]
[EventDate "2015.07.03"]

1. e4 e6 2. d4 d5 3. Nc3 Nf6 4. Bg5 dxe4 5. Nxe4 Be7 6. Bxf6 gxf6 7. Nf3 f5 8.
Nc3 a6 9. Qe2 b5 10. O-O-O b4 11. Na4 Qd5 12. c4 Qe4 13. Qd2 Nd7 14. d5 Ne5 15.
Nd4 Bd7 16. f3 Qh4 17. g3 Qf6 18. Qc2 O-O 19. Bg2 Rab8 20. Rhe1 c5 21. dxc6
Bxc6 22. Nxc6 Nxc6 23. Qf2 b3 24. axb3 Rxb3 25. f4 Nb4 26. Re3 Rxe3 27. Qxe3
Rc8 1/2-1/2

[Event "International Championship of Central Serbia 2015 - OPEN Arbia 2015 - OPEN A"]
[Site "Paracin"]
[Date "2015.07.07"]
[Round "6.11"]
[White "Lajthajm, Borko"]
[Black "Cvetkovic, Srdjan"]
[Result "0-1"]
[WhiteElo "2443"]
[BlackElo "2301"]
[PlyCount "130"]
[EventDate "2015.07.03"]

1. d4 Nf6 2. c4 e6 3. Nf3 d5 4. Nc3 Be7 5. cxd5 exd5 6. Bf4 c6 7. Qc2 g6 8. e3
Bf5 9. Bd3 Bxd3 10. Qxd3 Nh5 11. Be5 f6 12. Bxb8 Qxb8 13. g4 Ng7 14. O-O-O Qc7
15. h4 O-O-O 16. h5 g5 17. Ne2 h6 18. Ng3 Bd6 19. Nf5 Nxf5 20. gxf5 Rde8 21.
Rdg1 Re7 22. a3 Rhe8 23. Nd2 Kb8 24. Kb1 Qd7 25. Rg4 Bc7 26. Ka2 Bd6 27. Rgg1
a6 28. Rg4 Bc7 29. Rb1 Bd6 30. b4 Rc8 31. Rgg1 Rg7 32. Rg4 Qe8 33. Rh1 Re7 34.
Rgg1 Rg7 35. Nb3 Qd7 36. Rg4 Re7 37. Rg2 Rg7 38. Rg4 Re7 39. Rg2 Rg7 40. Rhg1
Re7 41. Rb1 Qe8 42. Qe2 Qd7 43. Qf3 Rg7 44. Rb2 Rcg8 45. Nc5 Bxc5 46. bxc5 Ka8
47. Rg1 g4 48. Qf4 Rg5 49. Rgb1 Rxf5 50. Qh2 Rf3 51. Qg2 Qf5 52. Ka1 g3 53.
Rxb7 Rxf2 54. Qg1 Qc2 55. R1b2 Qa4 56. Rxf2 Kxb7 57. Rb2+ Ka7 58. Qf1 Qxa3+ 59.
Kb1 g2 60. Qg1 Qd3+ 61. Ka2 Qc4+ 62. Ka3 Qf1 63. Qh2 Qa1+ 64. Ra2 Qc3+ 65. Ka4
Rb8 0-1

[Event "International Championship of Central Serbia 2015 - OPEN Arbia 2015 - OPEN A"]
[Site "Paracin"]
[Date "2015.07.07"]
[Round "6.12"]
[White "Tselkovskiy, Kirill"]
[Black "Radovanovic, Nikola"]
[Result "1/2-1/2"]
[WhiteElo "2137"]
[BlackElo "2420"]
[PlyCount "46"]
[EventDate "2015.07.03"]

1. e4 c5 2. Nf3 e6 3. g3 Nc6 4. Bg2 g6 5. d4 cxd4 6. Nxd4 a6 7. Nxc6 bxc6 8.
O-O Bg7 9. c4 d6 10. Nc3 Ne7 11. Bf4 e5 12. Bg5 h6 13. Bxe7 Qxe7 14. c5 dxc5
15. Na4 Be6 16. Qc2 c4 17. Nb6 Rb8 18. Nxc4 Qc5 19. Rfc1 Qxc4 20. Qxc4 Bxc4 21.
Rxc4 Rxb2 22. Rxc6 O-O 23. Bf1 Rd8 1/2-1/2

[Event "International Championship of Central Serbia 2015 - OPEN Arbia 2015 - OPEN A"]
[Site "Paracin"]
[Date "2015.07.07"]
[Round "6.13"]
[White "Filev, Georgi"]
[Black "Radlovacki, Jovan"]
[Result "1/2-1/2"]
[WhiteElo "2344"]
[BlackElo "2393"]
[PlyCount "108"]
[EventDate "2015.07.03"]

1. e4 c6 2. d4 d5 3. Nd2 dxe4 4. Nxe4 Bf5 5. Ng3 Bg6 6. h4 h6 7. Nf3 e6 8. Ne5
Bh7 9. Bd3 Bxd3 10. Qxd3 Nd7 11. f4 Be7 12. Bd2 Bxh4 13. O-O-O Nxe5 14. fxe5
Bxg3 15. Qxg3 Rh7 16. Bb4 Ne7 17. Kb1 Kf8 18. Qa3 a5 19. Bd6 b6 20. Rdf1 Ra7
21. Qf3 Qe8 22. Qb3 Kg8 23. Qxb6 Qa8 24. Bxe7 Rxe7 25. Rh3 Rb7 26. Qc5 Qa6 27.
Rhf3 g6 28. Qd6 Qb6 29. Rb3 Qc7 30. Rxb7 Qxb7 31. Qd8+ Kg7 32. Qf6+ Kg8 33.
Qd8+ Kg7 34. Qxa5 Rh8 35. Qd2 h5 36. b3 h4 37. Kb2 h3 38. gxh3 Rxh3 39. a4 Qd7
40. Qf4 Rh5 41. Qf6+ Kg8 42. Rf4 Rf5 43. Qh4 Qd5 44. Rxf5 exf5 45. c4 Qg2+ 46.
Ka3 g5 47. Qh6 f4 48. d5 c5 49. e6 Qg1 50. Qf6 Qc1+ 51. Ka2 Qd2+ 52. Ka3 Qb4+
53. Ka2 Qd2+ 54. Qb2 Qe1 1/2-1/2

[Event "International Championship of Central Serbia 2015 - OPEN Arbia 2015 - OPEN A"]
[Site "Paracin"]
[Date "2015.07.07"]
[Round "6.14"]
[White "Martynov, Pavel"]
[Black "Strugnell, Carl"]
[Result "0-1"]
[WhiteElo "2385"]
[BlackElo "2275"]
[PlyCount "96"]
[EventDate "2015.07.03"]

1. Nf3 e6 2. g3 Nf6 3. Bg2 d5 4. O-O c5 5. d3 Nc6 6. Nbd2 g6 7. e4 Bg7 8. exd5
Nxd5 9. Ne4 b6 10. Bg5 f6 11. Bd2 O-O 12. Re1 e5 13. Nc3 Nde7 14. a3 a5 15. a4
Be6 16. Qc1 Qd7 17. Bh6 Rac8 18. Bxg7 Kxg7 19. Nd2 Nf5 20. Nc4 Rb8 21. b3 Nfd4
22. Ne3 Nb4 23. Qd1 Rfd8 24. Rb1 Qf7 25. Bf1 f5 26. Nb5 Nxb5 27. axb5 e4 28.
Qd2 Qf6 29. Ng2 Bf7 30. h4 exd3 31. cxd3 Nd5 32. Nf4 Nc3 33. Rbc1 Nxb5 34. Re3
Nd4 35. Rce1 Re8 36. Bg2 Nxb3 37. Qd1 Rxe3 38. Rxe3 Qa1 39. Qxa1+ Nxa1 40. Re7
Kf6 41. Ra7 Rd8 42. Rb7 Rd6 43. f3 Nc2 44. g4 h6 45. Nh3 Bd5 46. g5+ hxg5 47.
Rc7 Ke5 48. hxg5 a4 0-1

[Event "International Championship of Central Serbia 2015 - OPEN Arbia 2015 - OPEN A"]
[Site "Paracin"]
[Date "2015.07.07"]
[Round "6.15"]
[White "Zajic, Milan"]
[Black "Radovanovic, Mihajlo"]
[Result "1-0"]
[WhiteElo "2489"]
[BlackElo "2245"]
[PlyCount "71"]
[EventDate "2015.07.03"]

1. e4 c5 2. Nf3 Nc6 3. d4 cxd4 4. Nxd4 e5 5. Nb5 a6 6. Nd6+ Bxd6 7. Qxd6 Qe7 8.
Qd2 Nf6 9. f3 Nd4 10. c3 Ne6 11. b3 O-O 12. Ba3 Nc5 13. c4 d6 14. Nc3 Ne8 15.
Be2 Ne6 16. O-O Nd4 17. Bd3 Nc7 18. Kh1 Rb8 19. f4 b5 20. Nd5 Nxd5 21. cxd5 f6
22. fxe5 fxe5 23. Rxf8+ Qxf8 24. Rf1 Qe7 25. Qb4 Rb6 26. Bb2 a5 27. Qxa5 Ra6
28. Qc3 Bg4 29. a4 Ra8 30. axb5 Ne2 31. Qd2 Nf4 32. Bc4 Rf8 33. b6 Qg5 34. b7
Qe7 35. Ba6 h6 36. Qf2 1-0

[Event "International Championship of Central Serbia 2015 - OPEN Arbia 2015 - OPEN A"]
[Site "Paracin"]
[Date "2015.07.07"]
[Round "6.16"]
[White "Todorovic, Nenad I"]
[Black "Vavulin, Maksim"]
[Result "0-1"]
[WhiteElo "2252"]
[BlackElo "2445"]
[PlyCount "62"]
[EventDate "2015.07.03"]

1. e4 g6 2. d4 Bg7 3. Nc3 d6 4. Nf3 a6 5. Be3 b5 6. Bd3 Bb7 7. a4 b4 8. Ne2 Nd7
9. Ng3 h5 10. h4 c5 11. c3 bxc3 12. bxc3 Ngf6 13. O-O O-O 14. a5 Qc7 15. Qe2
Ng4 16. Bg5 Nb8 17. Qa2 Nc6 18. e5 e6 19. exd6 Qxd6 20. Ne4 Qc7 21. dxc5 Nce5
22. Nxe5 Qxe5 23. f4 Qc7 24. Kh1 Rab8 25. Nd6 Bd5 26. c4 Rb2 27. cxd5 Rxa2 28.
Rxa2 exd5 29. f5 Qxc5 30. Be7 Qe3 31. Bxf8 Qg3 0-1

[Event "International Championship of Central Serbia 2015 - OPEN A"]
[Site "Paracin"]
[Date "2015.07.07"]
[Round "6.17"]
[White "Mohammad, Nubairshah Shaikh"]
[Black "Rajkovic, Mladen"]
[Result "1-0"]
[WhiteElo "2423"]
[BlackElo "2259"]
[PlyCount "117"]
[EventDate "2015.07.03"]

1. d4 Nf6 2. c4 e6 3. Nc3 Bb4 4. e3 O-O 5. Nge2 c6 6. a3 Ba5 7. b4 Bc7 8. d5
exd5 9. cxd5 cxd5 10. g3 Nc6 11. Bg2 Be5 12. O-O d6 13. Bb2 Be6 14. f4 Bxc3 15.
Bxc3 Bg4 16. Bxf6 Qxf6 17. Bxd5 Rfe8 18. Qd2 Bxe2 19. Qxe2 Qc3 20. e4 Ne7 21.
Bxb7 Rab8 22. Ba6 d5 23. Bb5 Red8 24. e5 Nf5 25. Qd3 Qd4+ 26. Qxd4 Nxd4 27. Bd3
Rbc8 28. Rac1 Nb3 29. Rxc8 Rxc8 30. Bf5 Rc3 31. Rd1 d4 32. Kf2 g6 33. Be4 Kf8
34. Bd5 Ke7 35. Ke2 Nc1+ 36. Kd2 Nb3+ 37. Ke1 Re3+ 38. Kf2 Rc3 39. a4 d3 40.
Ke3 d2+ 41. Ke2 f6 42. exf6+ Kxf6 43. b5 Nd4+ 44. Kxd2 Ra3 45. Rc1 Rxa4 46. Rc7
g5 47. fxg5+ Kxg5 48. Rxh7 Nxb5 49. Bc6 Ra2+ 50. Ke3 Nd6 51. h4+ Kg6 52. Rd7
Nf5+ 53. Kf4 Rf2+ 54. Bf3 a6 55. Rd5 Ne7 56. Ra5 Kf7 57. Rxa6 Nd5+ 58. Ke4 Nf6+
59. Ke3 1-0

[Event "International Championship of Central Serbia 2015 - OPEN A"]
[Site "Paracin"]
[Date "2015.07.07"]
[Round "6.18"]
[White "Nestorovic, Dejan"]
[Black "Malekian, Babak"]
[Result "1-0"]
[WhiteElo "2408"]
[BlackElo "2262"]
[PlyCount "107"]
[EventDate "2015.07.03"]

1. d4 g6 2. c4 Bg7 3. e4 d6 4. Nc3 Nc6 5. Be3 e5 6. d5 Nce7 7. Qd2 f5 8. f3 Nf6
9. h3 f4 10. Bf2 b6 11. O-O-O g5 12. Nge2 Ng6 13. Kb1 h5 14. Nc1 Kf7 15. b4 a5
16. a3 axb4 17. axb4 g4 18. Nb3 Bh6 19. Kb2 Bg5 20. Qe1 Ne8 21. hxg4 hxg4 22.
Rxh8 Nxh8 23. Be2 g3 24. Bg1 Ng6 25. c5 bxc5 26. bxc5 Nh4 27. Qf1 Be7 28. c6
Nf6 29. Ra1 Rxa1 30. Kxa1 Qh8 31. Nb5 Bd8 32. Na7 Be7 33. Kb2 Nh7 34. Na5 Ng5
35. Nb7 Ng6 36. Kb3 Bf6 37. Ka4 Kg7 38. Ka5 Bh3 39. Nb5 Bxg2 40. Qxg2 Bd8 41.
Ka6 Kf6 42. Nxd8 Qxd8 43. Kb7 Ne7 44. Na7 Kg6 45. Qh1 Nh7 46. Qh3 Nf6 47. Bf1
Kg7 48. Qe6 Neg8 49. Nb5 Nh6 50. Bb6 Nf7 51. Bxc7 Qh8 52. Nxd6 Nxd6+ 53. Bxd6
Qh1 54. Bxe5 1-0

[Event "International Championship of Central Serbia 2015 - OPEN A"]
[Site "Paracin"]
[Date "2015.07.07"]
[Round "6.19"]
[White "Zivkovic, Ivan B"]
[Black "Fernandez, Michael"]
[Result "1/2-1/2"]
[WhiteElo "2347"]
[BlackElo "2249"]
[PlyCount "51"]
[EventDate "2015.07.03"]

1. e4 c6 2. d4 d5 3. Nc3 dxe4 4. Nxe4 Nd7 5. Bd3 Ngf6 6. Ng5 h6 7. Ne6 Qb6 8.
Nxf8 Nxf8 9. Nf3 Bg4 10. c3 N8d7 11. h3 Bxf3 12. Qxf3 e5 13. O-O O-O 14. Bf5
exd4 15. cxd4 Rad8 16. Rd1 Qb5 17. Bc2 Rfe8 18. Bb3 Qe2 19. Qxe2 Rxe2 20. Kf1
Re7 21. d5 cxd5 22. Bxd5 Ne5 23. Bb3 Rxd1+ 24. Bxd1 Nd3 25. Be2 Nxc1 26. Rxc1
1/2-1/2

[Event "International Championship of Central Serbia 2015 - OPEN A"]
[Site "Paracin"]
[Date "2015.07.07"]
[Round "6.20"]
[White "Ratkovic, Miloje"]
[Black "Kinsiz, Onur"]
[Result "0-1"]
[WhiteElo "2341"]
[BlackElo "2253"]
[PlyCount "110"]
[EventDate "2015.07.03"]

1. d4 Nf6 2. Bg5 Ne4 3. h4 d5 4. Nd2 Nxd2 5. Qxd2 c5 6. O-O-O f6 7. Bf4 Nc6 8.
dxc5 e5 9. e4 d4 10. Bg3 Be6 11. f4 exf4 12. Bf2 Bxc5 13. Ne2 Bxa2 14. Nxd4
Bxd4 15. Bxd4 Qxd4 16. Qxd4 Nxd4 17. Rxd4 Be6 18. h5 Ke7 19. Rh4 Rac8 20. Rxf4
Rhd8 21. Rxd8 Rxd8 22. Bd3 Rc8 23. Kd2 Rc5 24. Be2 h6 25. g4 Kd6 26. c3 Ra5 27.
Rf1 Ke5 28. Ke3 Ra2 29. Rb1 Bb3 30. Bd3 Ra4 31. Kf3 Ra5 32. Rf1 Ra2 33. Rf2 Ra1
34. c4 Kd4 35. Bf1 Rd1 36. Kf4 Bc2 37. Bg2 Bd3 38. Kf5 Rg1 39. Kf4 Bxc4 40. Bf3
Bd3 41. b4 a6 42. Ra2 Rf1 43. Kg3 Ke3 44. Bg2 Rb1 45. e5 fxe5 46. Bxb7 Rxb4 47.
Bxa6 e4 48. Bc8 Rb8 49. Bf5 Rb7 50. g5 Rb5 51. gxh6 gxh6 52. Bg4 Rb1 53. Bf5
Rg1+ 54. Kh2 Rg5 55. Bg6 Kf3 0-1

[Event "International Championship of Central Serbia 2015 - OPEN A"]
[Site "Paracin"]
[Date "2015.07.07"]
[Round "6.21"]
[White "Somborski, Nebojsa"]
[Black "Gajic, Mladen"]
[Result "1-0"]
[WhiteElo "2325"]
[BlackElo "2227"]
[Annotator "Natasa"]
[PlyCount "40"]
[EventDate "2015.07.03"]

1. e4 Nf6 2. e5 Nd5 3. d4 Nb6 4. Nf3 d5 5. exd6 cxd6 6. a4 g6 7. h3 Bg7 8. Nc3
O-O 9. a5 N6d7 10. Be2 Nc6 11. a6 Nb4 12. axb7 Bxb7 13. O-O e5 14. Nb5 Qb6 15.
c3 Na6 16. Na3 d5 17. Re1 Rfe8 18. Bb5 Bc6 19. Qa4 Ndc5 20. dxc5 Nxc5 {
unreadable} 1-0

[Event "International Championship of Central Serbia 2015 - OPEN A"]
[Site "Paracin"]
[Date "2015.07.07"]
[Round "6.22"]
[White "Djordjevic, Vuk"]
[Black "Popovic, Djordje D"]
[Result "1/2-1/2"]
[WhiteElo "2287"]
[BlackElo "2219"]
[PlyCount "76"]
[EventDate "2015.07.03"]

1. e4 c5 2. Nc3 Nc6 3. g3 g6 4. Bg2 Bg7 5. Nge2 d6 6. O-O e6 7. d3 Nge7 8. Bg5
h6 9. Be3 Nd4 10. Rb1 Nec6 11. a3 Rb8 12. b4 b6 13. Qd2 Bd7 14. b5 Ne7 15. a4
Kf8 16. Nc1 Kg8 17. Nd1 e5 18. f4 f5 19. c3 Ne6 20. Ne2 Kh7 21. Nf2 Rf8 22.
Rfd1 Bc8 23. d4 cxd4 24. cxd4 exf4 25. Nxf4 fxe4 26. d5 Nxf4 27. Bxf4 e3 28.
Bxe3 Nf5 29. Re1 Nxe3 30. Rxe3 Rb7 31. Rf3 Rxf3 32. Bxf3 Rf7 33. Kg2 h5 34. Re1
Qf6 35. Qe2 Bf5 36. Ne4 Bxe4 37. Bxe4 Qg5 38. Bf3 Be5 1/2-1/2

[Event "International Championship of Central Serbia 2015 - OPEN A"]
[Site "Paracin"]
[Date "2015.07.07"]
[Round "6.23"]
[White "Scripcaru, George-Daniel"]
[Black "Dezelin, Milan"]
[Result "1/2-1/2"]
[WhiteElo "2115"]
[BlackElo "2267"]
[PlyCount "42"]
[EventDate "2015.07.03"]

1. d4 Nf6 2. Bf4 e6 3. e3 c5 4. Nf3 Nc6 5. c3 Be7 6. Bd3 Nh5 7. Bg3 Qb6 8. Qc2
d5 9. Nbd2 f5 10. Ne5 c4 11. Be2 Nxg3 12. hxg3 Nxe5 13. dxe5 Qc7 14. f4 Qb6 15.
Bh5+ Kd8 16. Nf1 Bd7 17. g4 g6 18. Bxg6 Rg8 19. Bh5 Bc5 20. Qe2 fxg4 21. O-O-O
Qa5 1/2-1/2

[Event "International Championship of Central Serbia 2015 - OPEN A"]
[Site "Paracin"]
[Date "2015.07.07"]
[Round "6.24"]
[White "Mladenovic, Stefan"]
[Black "Akman, Ozgur"]
[Result "0-1"]
[WhiteElo "2341"]
[BlackElo "1964"]
[PlyCount "62"]
[EventDate "2015.07.03"]

1. d4 Nf6 2. Nf3 e6 3. e3 c5 4. Bd3 d5 5. b3 Nc6 6. Bb2 Bd6 7. a3 O-O 8. O-O b6
9. Nbd2 Bb7 10. c4 cxd4 11. exd4 Rc8 12. Rc1 Qe7 13. b4 dxc4 14. Nxc4 Bf4 15.
Ne3 Rfd8 16. Qb3 Qd6 17. Rcd1 Ne7 18. Ne5 Ng6 19. Bc4 Bxe3 20. fxe3 Nxe5 21.
dxe5 Qc6 22. Rxd8+ Rxd8 23. Rf2 Ng4 24. Rc2 Rd1+ 25. Bf1 Qxc2 26. Qxc2 Rxf1+
27. Kxf1 Nxe3+ 28. Ke2 Nxc2 29. Kd2 Be4 30. g3 b5 31. Kc3 Kf8 0-1

[Event "International Championship of Central Serbia 2015 - OPEN A"]
[Site "Paracin"]
[Date "2015.07.07"]
[Round "6.25"]
[White "Radovic, Janko"]
[Black "Vucinic, Gojko"]
[Result "1/2-1/2"]
[WhiteElo "2256"]
[BlackElo "2328"]
[PlyCount "41"]
[EventDate "2015.07.03"]

1. e4 c5 2. c3 d5 3. exd5 Qxd5 4. d4 Nf6 5. Nf3 Bg4 6. Be2 e6 7. h3 Bh5 8. O-O
Nc6 9. Be3 cxd4 10. Nxd4 Bxe2 11. Qxe2 Be7 12. Nd2 O-O 13. N2f3 a6 14. Rfd1
Rfd8 15. Nxc6 Qxc6 16. Rxd8+ Rxd8 17. Rd1 Rxd1+ 18. Qxd1 Nd5 19. Bd4 f6 20. b3
e5 21. c4 1/2-1/2